Modelacion hidraulica de la Quebrada Seca para el manejo de inundaciones en el Canton de Belen
Guardat en:
| Autor principal: | |
|---|---|
| Altres autors: | |
| Format: | Llibre |
| Publicat: |
San José, Costa Rica
2004
|
| Matèries: | |
| Etiquetes: |
Afegir etiqueta
Sense etiquetes, Sigues el primer a etiquetar aquest registre!
|
MARC
| LEADER | 00000nam a2200000Ia 4500 | ||
|---|---|---|---|
| 003 | 009392 | ||
| 005 | 20240524111158.0 | ||
| 008 | 140114s2004 cr a m 000 ||s d | ||
| 040 | |c cru CEDI | ||
| 090 | |a TFG 4931 | ||
| 100 | |a Segura Serrano, Laura, 1980- |9 3129 | ||
| 245 | |a Modelacion hidraulica de la Quebrada Seca para el manejo de inundaciones en el Canton de Belen | ||
| 260 | |a San José, Costa Rica |c 2004 | ||
| 300 | |a xiv, 91, [61] hojas : ilustraciones a color + 1 mapa (en bolsillo) | ||
| 500 | |a Tesis (licenciatura en ingeniería agrícola)--Universidad de Costa Rica. Facultad de Ingeniería. Escuela de Ingeniería Agrícola | ||
| 501 | |a Director de Tesis de Graduación: Ing. Hernán Solís Bolaños | ||
| 650 | |x CONTROL DE INUNDACIONES |x CANALES (INGENIERIA HIDRAULICA) |x CUENCAS HIDROGRAFICAS |x PROGRAMAS PARA COMPUTADORA |x CALIBRACION |x RIO QUEBRADA SECA (COSTA RICA) |9 6340 | ||
| 700 | |a Solís Bolaños, Hernán, 1948- |d Director del TFG |9 3128 | ||
| 942 | |c TFG |h TFG 4931 |i 009392 |6 TFG_4931_009392000000000 | ||
| 999 | |c 17488 |d 17488 | ||
